000
00323nam a2200157Ia 4500
100
_a
Coelho/Paulo
650
_a
Ficiton
942
_c
BK
366
_f
20
245
_a
Like the flowing river
260
_b
Harper collins
_c
2011
082
_a
808.3
_b
COE
300
_a
232
546
_a
ENGLISH
_c
Computers
999
_c
20878
_d
20878